000 00539nam a22002057a 4500
003 OSt
005 20140310183131.0
008 130601t xxu||||| |||| 00| 0 eng d
020 _a9716680260
050 _aJQ 1414
_b .V433 1996
082 _aFIL 920.809
_bV54 1996
245 _aThe Presidents : Republic of the Philippines
_cVelasco, Rheno A.
260 _bLoacan Publishing House
_cc1996
300 _a72 p.
521 _acollege students
526 _c1210L-1700L
541 _j1
562 _e1
942 _2lcc
_cBK
_kFIL
999 _c19136
_d19136